Responses for Show #4613 - Wednesday, September 29, 2004

2004 Tournament of Champions semifinal game 3.

Contestants

[<< previous game]

Steve Reynolds, a loan accounting clerk from Norman, Oklahoma

Arthur Gandolfi, a commercial real estate executive from Pleasantville, New York

Tom Baker, a writer from Tokyo, Japan

[next game >>]

Jeopardy! Round responses

ANCIENT ROMAN STAND-UP COMEDY
THE 3rd FILM IN THE SERIES
WEBSITES
YANGTZE DOODLE
GO ON A DIET
PROVERBIOS EN ESPAÑOL
    $200 12
Nero

Arthur
    $200 7
Rocky

Arthur
    $200 26
Kelley Blue Book

Arthur
    $200 6
the Yellow River

Steve
    $200 18
Jenny Craig

Triple Stumper
    $200 1
silence is golden

Steve
    $400 13
a bacchanalia

Arthur
    $400 11
Spock

Tom
    $400 27
The Onion

Tom
    $400 8
the Amazon and the Nile

Arthur
    $400 19
Weight Watchers

Steve
    $400 2
the end justifies the means

Tom
    $600 14
the baths

Tom
    $600 23
Back to the Future

Tom
    $600 28
Google

Arthur
    $600 9
Szechuan

Tom
    $600 20
Slim·Fast

Tom
    $600 3
(Tom: What is love is heaven?)

love is blind

TomSteve
    $800 15
(Arthur: Who is Tiberius?)
(Tom: Who is Caligula?)

Augustus Caesar

TomArthur
Triple Stumper
    $800 24
Die Hard

Tom
    $800 29
Trump

Arthur
    $800 10
(Tom: What is a lychee?)

a kiwi

TomSteve
    $800 21
(Tom: What is the South Beach Diet?)

The Zone

Tom
Triple Stumper
    $800 4
the pen is mightier than the sword

Arthur
    $1000 16
Germany

Arthur
    $1000 25
The Evil Dead

Steve
    $1000 30
FAA

Tom
    $1000 17
the Three Gorges Dam

Tom
    $1000 22
the Mediterranean Diet

Tom
    $1,000 5
bad news travels fast

Arthur

Scores at the first commercial break (after clue 16):

Tom Arthur Steve
-$200 $3,200 $1,800

Scores at the end of the Jeopardy! Round:

Tom Arthur Steve
$4,400 $4,800 $3,200

Double Jeopardy! Round responses

FLOWERS
THE GREAT AMERICAN SONGBOOK
MUSEUMS
LITERATURE
THE WOMEN OF CONGRESS
JEOPORTMANTEAU!
(Alex: These are two words melded to form one. I'll give you an example: salt's companion plus sweat... What is pepperspiration?)
    $400 10
a rose

Arthur
    $400 16
Irving Berlin

Arthur
    $400 20
Sherlock Holmes

Arthur
    $400 2
Edna Ferber

Tom
    $400 1
(Hillary) Clinton

Tom
    $400 26
Chicagopher

Arthur
    $800 11
a sunflower

Arthur
    $800 22
"Stormy Weather"

Tom
    $800 21
the Ottoman Empire

Tom
    $800 3
Georges Simenon

Triple Stumper
    $800 6
Illinois

Arthur
    $800 27
Macbethlehem

Arthur
    $1200 12
the poppy

Tom
    $1200 23
"A Fine Romance"

Triple Stumper
    $1200 17
the Hermitage

Arthur
    $1200 4
(Percy Bysshe) Shelley

Steve
    $1,200 7
Alaska

Arthur
    $1200 28
Encyclopediatrician

Steve
    $1600 13
(Tom: What is nightshade?)

foxglove

Tom
Triple Stumper
    $1600 24
"Our Love Is Here To Stay"

Tom
    $1600 18
a ship

Tom
    $1600 5
Pittsburgh

Arthur
    $1600 8
Wyoming

Tom
    $1600 29
Locustard

Arthur
    $2000 14
lady's slippers

Steve
    $2000 25
Cole Porter

Steve
    $6,000 19
(Tom: [before wagering everything] I'm gonna be crazy...)

Isak Dinesen (aka Karen Blixen, author of Out of Africa)

Tom
    $2000 9
(Tom: Who is Jude the Obscure?--What is...)

Far From the Madding Crowd

Tom
Triple Stumper
    $2000 15
(Steve: What is Chavez?)

Sanchez

Steve
Triple Stumper
    $2000 30
Xanaduvet

Arthur

Scores at the end of the Double Jeopardy! Round:

Tom Arthur Steve
$15,200 $16,400 $7,600

[wagering suggestions for these scores]

Final Jeopardy! Round responses

19th CENTURY NAMES
(Alex: Yes, he came back to Ford's Theatre one month later to assassinate President Lincoln.)
SteveWho is Edwin Booth?
$0
TomWho was [a zigzag that resembles WVthm]
$15,200
ArthurWho is John Wilkes Booth?
$15,000
John Wilkes Booth

Final scores:

Tom Arthur Steve
$0 $31,400 $7,600
3rd place: $10,000 Finalist 2nd place: $10,000

Game dynamics:

Coryat scores:

Tom Arthur Steve
$11,200 $16,400 $7,600
20 R
(including 1 DD),
6 W
22 R
(including 2 DDs),
1 W
10 R,
1 W

Combined Coryat: $35,200

[game clues] [game scores] [suggest correction]

Game tape date: 2004-04-30
The J! Archive is created by fans, for fans. Scraping, republication, monetization, and malicious use prohibited; this site may use cookies and collect identifying information. See terms. The Jeopardy! game show and all elements thereof, including but not limited to copyright and trademark thereto, are the property of Jeopardy Productions, Inc. and are protected under law. This website is not affiliated with, sponsored by, or operated by Jeopardy Productions, Inc. Join the discussion at JBoard.tv.